000 00493nam a22001457a 4500
999 _c122197
_d122197
005 20210505115627.0
008 210505b ||||| |||| 00| 0 eng d
040 _cPK-LaUMT
082 _aRHC 891.4393
_bSAJ-K
100 _aSajjad Haider Yaldram, Syed = سجاد حیدر یلدرم، سید
245 _aKhiyalistan = خیالستان /
_cby Syed Sajjad Haider Yaldram = سید سجاد حیدر یلدرم
260 _aLahore :
_bTaj Book Depot,
_c1976
300 _a288 p.
942 _cBK